=LDR 00000nam 2200000 4500 =001 INLIS000000000010906 =005 20130612102519 =008 ***********************************Belanda** =035 ##$$0010-061300000010906 =041 ##$$a Belanda =082 ##$$a 398.095 9851 =090 ##$$a 398.095 9851, Wic h =100 ##$$a Week, Woefgang =245 ##$$a Heilkunde und Voekstun ouf Bali, Dr.Med. Wolfgang weck =260 ##$$a 1986 $b Jakarta =300 ##$$a 248 hlm., 21 cm =850 ##$$a NBPNMAT